Αντιλήψεις κατοίκων παράκτιων περιοχών για τη κλιματική αλλαγή

Αποθηκεύτηκε σε:
Λεπτομέρειες βιβλιογραφικής εγγραφής
Κύριος συγγραφέας: Γούσια, Αφροδίτη
Συγγραφή απο Οργανισμό/Αρχή: Πανεπιστήμιο Αιγαίου Σχολή Περιβάλλοντος Τμήμα Επιστημών της Θάλασσας
Άλλοι συγγραφείς: Κοντογιάννη-Σκούρτου, Αρετή (dgsf)
Μορφή: Thesis Βιβλίο
Γλώσσα:Greek
Δημοσίευση: 2011
Θέματα:
Διαθέσιμο Online:http://hdl.handle.net/11610/7127
Ετικέτες: Προσθήκη ετικέτας
Δεν υπάρχουν, Καταχωρήστε ετικέτα πρώτοι!

MARC

LEADER 00000cam a2200000 i 4500
001 1/27126
008 130307s2011 gre d
035 |l 10113958 
040 |a GR-MY-UA  |b gre  |e aacr 
041 0 |a gre 
082 0 |a 363.7  |2 (22) 
100 1 |a Γούσια, Αφροδίτη. 
245 1 0 |a Αντιλήψεις κατοίκων παράκτιων περιοχών για τη κλιματική αλλαγή /  |c Γούσια Αφροδίτη ; επιβλέπουσα: Κοντογιάννη Αρετή 
260 |c 2011 
300 |a 72 σ.;  |b διαγρ.;  |c 30 εκ. 
502 |a Πτυχιακή εργασία – Πανεπιστήμιο Αιγαίου, Λέσβος, 2011. 
504 |a Βιβλιογραφία: σ. 72 
650 0 0 |a Environmental protection  |x Public opinion. 
650 0 0 |a Climatic changes  |x Public opinion. 
650 0 0 |a Environmental protection  |x Citizen participation. 
650 0 0 |a Dissertations, Academic  |z Greece. 
700 1 |a Κοντογιάννη-Σκούρτου, Αρετή,  |e dgsf 
710 2 |a Πανεπιστήμιο Αιγαίου  |b Σχολή Περιβάλλοντος  |b Τμήμα Επιστημών της Θάλασσας. 
852 |a INST  |b LESVOS  |c DIATR  |e 20130307  |h 603  |p 005100051848  |q 005100051848  |t DIE  |y 23 
852 |a INST  |b LESVOS  |c DIATR  |e 20130307  |h 604  |p 005100051847  |q 005100051847  |t DIE  |y 23 
856 |u http://hdl.handle.net/11610/7127 
901 |a BIBL1-2013-1 
909 |a Λ  |b 179007 
909 |a Λ  |b 179006 
924 |a ΓΟΥΣΙΑ  |b ΑΦΡΟΔΙΤΗ  |y ΛΕΣΒΟΣ  |z 2012-12 
970 |a ΤΖΑΦΕΡΗ  |b ΕΥΑΓΓΕΛΙΑ  |z 2013/03/07